| 000 | 01171cam a22001931 4500 | ||
|---|---|---|---|
| 082 |
_a355.009244 _bMAU |
||
| 100 | 1 |
_aMaurois, Ander _949282 |
|
| 245 | 1 | 0 |
_aMarshal Lyautey/ _b; _c; |
| 260 |
_aLondon, _bG. Allen & Unwin, ltd. _c[1931] |
||
| 300 |
_a289 p., 1 l. _bfront. (port.) pl., map. _c23 cm. |
||
| 500 | _a"Translated from the first French edition o Chroniques de Gomes Eannes de Azurara, in the series 'Les grands navigateurs et colons portugais du XVe et du XVIe siècles: anthologie des écrits de lʼépoque par Virginia de Castro et Almeida' ... Paris, 1934."- p. [4] | ||
| 500 | _aAn abridgment of the Portuguese originals, Chronica do descobrimento e conquista de Guiné ... illustrada com algumas notas pelo visconde de Santarem ... Pariz, 1841, 3. pte.; and Chronica de el-rei d. João I, por Fernão Lopez, 3. pte., "em que se contem a Tomada de Ceuta, composta por Gomes Eannes de Azurara." (cf. the edition of Lisbon, 1897-1900) | ||
| 526 |
_a0 _b0 _c0 _d355_009244000000000_MAU |
||
| 650 | 0 |
_aMCE _9379 |
|
| 650 | 0 |
_aPortuguese _zAfrica _949283 |
|
| 700 | 1 |
_aAlmeida, Virginia de Castro e, _949284 |
|
| 700 | 1 |
_aMiall, Bernard, _949285 |
|
| 942 |
_2ddc _cBK |
||
| 999 |
_c552075 _d552075 |
||